[Event "Ch Europe (juniors) (under 18)"]
[Site "Budva (Yugoslavia)"]
[Round "5"]
[White "Doncea Vladimir (ROM)"]
[Black "Van Peer Cedric-Johan (BEL)"]
[Result "1-0"]
[WhiteElo "2352"]
[BlackElo "2059"]

1.d4 d6 2.Nf3 g6 3.c4 Bg7 4.Nc3 Nh6 5.g3 Nd7 6.Bg2 c5 7.O-O O-O 8.e4 cxd4
9.Nxd4 Ne5 10.b3 Rb8 11.h3 f5 12.Be3 fxe4 13.Nxe4 Bd7 14.Ng5 Qc8 15.Bd5+ Kh8
16.Nde6 Rf6 17.Nxg7 Kxg7 18.Bg2 Nf5 19.Bxa7 Ra8 20.Bd4 Nxd4 21.Qxd4 Bc6 22.f4
Bxg2 23.fxe5 Rxf1+ 24.Rxf1 Bxf1 25.exd6+ e5 26.Qxe5+ Kg8 27.Qd5+ {#r} 1-0

[Event "Ch France (accession)"]
[Site "Aix les Bains (France)"]
[Round "9"]
[White "Heinis Vincent (FRA)"]
[Black "Artamonova Viktoria (FRA)"]
[Result "1-0"]
[WhiteElo "2174"]
[BlackElo "2223"]

1.d4 d6 2.c4 f5 3.g3 g6 4.Bg2 Bg7 5.b4 c5 6.Nf3 cxd4 7.Nxd4 Qb6 8.Be3 Qxb4+
9.Nd2 a6 10.O-O e5 11.Rb1 Qa3 12.N4b3 Ne7 13.c5 d5 14.Bxd5 Nxd5 15.Nc4 Nxe3
16.fxe3 Qa4 17.Nd6+ Ke7 18.Nxc8+ Rxc8 19.Qd6+ Kf7 20.Nd4 Qd7 21.Rxb7 Qxb7
22.Qe6+ Kf8 23.Nxf5 gxf5 24.Rxf5+ Bf6 25.Qxf6+ Ke8 26.Rxe5+ {#r} 1-0

[Event "It (open)"]
[Site "Dubai (United Arab Emirates)"]
[Round "9"]
[White "Yahya Mohamed Saleh (UAE)"]
[Black "Velikhanli Firuza (AZE)"]
[Result "0-1"]
[WhiteElo "2161"]
[BlackElo "2322"]

1.d4 d6 2.c4 Nd7 3.Nc3 e5 4.d5 f5 5.e4 Nc5 6.f3 fxe4 7.fxe4 Nf6 8.Qc2 a5 9.b3
Be7 10.Nf3 O-O 11.Be2 Nh5 12.O-O Nf4 13.Be3 b6 14.Ne1 Bg5 15.Bf2 Qe8 16.Nd3
Ncxd3 17.Bxd3 Qg6 18.Bg3 Qh6 19.Ne2 Bg4 20.Nxf4 exf4 21.Bf2 f3 22.g3 Bf6
23.Rac1 Be5 24.Rce1 Qh3 25.Be3 Bxg3 26.hxg3 Qxg3+ 27.Kh1 f2 28.Rxf2 Rxf2 {#R}
0-1

[Event "Memorial Dr. Rey Ardid"]
[Site "Zaragoza (Spain)"]
[Round "6"]
[White "Vera Aranjuelo Jesus M (ESP)"]
[Black "Martinez Catalin Francisco (ESP)"]
[Result "1-0"]
[WhiteElo "2008"]
[BlackElo "2158"]

1.d4 d6 2.Bf4 f5 3.Nf3 Nf6 4.e3 g6 5.Be2 Bg7 6.O-O O-O 7.h3 Qe8 8.c4 Nc6 9.Nc3
e5 10.Bh2 h6 11.Rc1 g5 12.Nb5 Qe7 13.c5 f4 14.d5 Nd8 15.cxd6 cxd6 16.exf4 gxf4
17.Nh4 Ne8 18.Ng6 Qg5 19.Nxf8 Bxh3 20.Bf3 Bxf8 21.Nc7 Nxc7 22.Rxc7 Nf7 23.Qd3
{#r} 1-0

[Event "Ch Argentina"]
[Site "Tres de Febrero (Argentina)"]
[Round "3"]
[White "Menon Daniel (ARG)"]
[Black "Alvarez Castillo Hector (ARG)"]
[Result "0-1"]
[WhiteElo "2106"]
[BlackElo "2160"]

1.d4 d6 2.Nf3 g6 3.Bf4 Bg7 4.e3 Nf6 5.h3 O-O 6.c4 c5 7.Nc3 Qa5 8.Qd2 cxd4
9.exd4 e5 10.Be3 Nc6 11.d5 Ne7 12.Be2 Nf5 13.Nb5 Qd8 14.O-O Nxe3 15.Qxe3 a6
16.Nc3 Nh5 17.Rfe1 Nf4 18.Bf1 Bh6 19.Kh1 Kg7 20.Nxe5 dxe5 21.Qxe5+ Qf6 22.Qc7
Nh5 23.Ne4 Qf4 24.Qe7 Bf5 25.Qc5 Bxe4 26.Qd4+ Nf6 {#R} 0-1

[Event "Tournament (Elo) (b)"]
[Site "Budapest (Hungary)"]
[Round "5"]
[White "Lakat Gyula (HUN)"]
[Black "Tomasi Diego (ITA)"]
[Result "0-1"]
[WhiteElo "2001"]
[BlackElo "2024"]

1.d4 d6 2.Nf3 g6 3.h3 Bg7 4.c3 Nf6 5.Bf4 O-O 6.Nbd2 Nbd7 7.e4 Nh5 8.Bh2 e5
9.dxe5 dxe5 10.Nc4 Qe7 11.Ne3 c6 12.Qc2 a5 13.Rd1 Nc5 14.g4 Nf4 15.Nc4 Qc7
16.Bxf4 exf4 17.Bd3 Be6 18.b3 a4 19.Nd4 axb3 20.axb3 b5 21.Nxe6 fxe6 22.Nb2
Qe5 23.Rc1 Ra2 24.Qb1 Rxb2 {#R} 0-1

[Event "It (open) "]
[Site "Augsburg (Germany)"]
[Round "5"]
[White "Herrmann Arnd (GER)"]
[Black "Muetz Gunnar (GER)"]
[Result "0-1"]
[WhiteElo "2081"]
[BlackElo "2184"]

1.d4 d6 2.Nf3 Bg4 3.c4 g6 4.Qb3 Qc8 5.Bf4 Bg7 6.Nbd2 Nf6 7.e4 O-O 8.h3 Bxf3
9.Qxf3 Nc6 10.Nb3 a5 11.Rd1 a4 12.Na1 Nd7 13.Be3 e5 14.Nc2 exd4 15.Nxd4 Nce5
16.Qg3 Re8 17.f3 Nc5 18.Kf2 Ned7 19.Be2 Rxe4 20.Nf5 gxf5 21.Bh6 Rxe2+ 22.Kxe2
Qe8+ 23.Kd2 Qe5 24.Qxe5 Bxe5 25.Rb1 Ne6 26.Be3 f4 27.Bf2 h5 28.Rhc1 c5 {#R}
0-1

[Event "Ch Valencia"]
[Site "Manises (Spain)"]
[Round "5"]
[White "Cubedo Caco Pablo (ESP)"]
[Black "Pavia Miralles J M (ESP)"]
[Result "1-0"]
[WhiteElo "2117"]
[BlackElo "2257"]

1.d4 d6 2.c4 e5 3.d5 f5 4.g4 fxg4 5.e4 Nf6 6.Nc3 Na6 7.h3 Be7 8.hxg4 Bxg4
9.Be2 Qd7 10.Bg5 Bxe2 11.Qxe2 O-O-O 12.Nf3 Nc5 13.O-O-O Na4 14.Bd2 Nxc3
15.Bxc3 Rdf8 16.Kb1 Qg4 17.Rh4 Qd7 18.Rhh1 g6 19.Rc1 Kb8 20.c5 Nxd5 21.Bxe5
Nf4 22.Qd2 Qe6 23.Bxh8 Qxe4+ 24.Ka1 Nd3 25.cxd6 cxd6 26.Qc2 a6 27.Bd4 {#r} 1-0

[Event "Alpenpokal"]
[Site "Oberstdorf (Germany)"]
[Round "8"]
[White "Emde Rainer (GER)"]
[Black "Heissenbuettel Hans (GER)"]
[Result "1-0"]
[WhiteElo "2110"]
[BlackElo "2094"]

1.d4 d6 2.Nf3 g6 3.Bg5 Bg7 4.c3 c6 5.e4 Qb6 6.Qc2 d5 7.Bd3 Nh6 8.O-O dxe4
9.Bxe4 Bf5 10.Nbd2 Nd7 11.Rfe1 Nf6 12.Bxh6 Bxh6 13.Bxf5 gxf5 14.Qxf5 Kf8
15.Nc4 {#r} 1-0

[Event "Ch Finland (team) 2002/03"]
[Site "Finland"]
[Round "6"]
[White "Tuominen Risto (FIN)"]
[Black "Nippula Timo (FIN)"]
[Result "1-0"]
[WhiteElo "2260"]
[BlackElo "2209"]

1.d4 d6 2.c4 e5 3.d5 f5 4.e4 fxe4 5.Nc3 Nf6 6.Nge2 Bf5 7.Ng3 Bg6 8.h4 Be7 9.h5
Bf7 10.Ncxe4 Nxe4 11.Nxe4 c6 12.Qg4 Rg8 13.Ng5 Bxg5 14.Bxg5 Qd7 15.Qe4 h6
16.Be3 Na6 17.Be2 Nb4 18.Rd1 c5 19.f4 Qa4 20.O-O Qc2 21.Bd3 Nxd3 22.Rxd3 Qxb2
23.Rb3 Qxa2 24.Rxb7 {#r} 1-0

[Event "Ch Spain (team)"]
[Site "Lanzarote (Spain)"]
[Round "3"]
[White "Barrero Garcia Carlos (ESP)"]
[Black "De La Rocha Ramon (ESP)"]
[Result "1-0"]
[WhiteElo "2292"]
[BlackElo "2320"]

{ De La Rocha Ramon (ESP) +1 =0 -1 } 1.d4 d6 2.Nf3 Bg4 3.e4 Nf6 4.h3 Bh5 5.Nc3
e6 6.Bg5 Be7 ( 6...h6 7.Bh4 Be7 8.Qe2 c6 9.O-O-O Nbd7 10.g4 Bg6 11.Bxf6 Bxf6
12.Kb1 Qc7 13.Ne1 O-O-O 14.f4 d5 15.e5 Be7 16.Qf3 Bb4 17.Bd3 Bxc3 18.bxc3 Bxd3
19.cxd3 c5 20.Rh2 Kb8 21.Rb2 Nb6 22.dxc5 Qxc5 23.Rc1 Rc8 24.Rb3 Na4 25.d4 Qa5
26.c4 { ...0-1, Pira Davoud 2350 - Beikert Guenther 2475 , France 1997 Ch
France (team) 1996/97 } ) 7.g4 ( 7.Qe2 c6 8.g4 Bg6 9.Bxf6 Bxf6 10.h4 h6
11.O-O-O Nd7 12.e5 Be7 13.exd6 Bxd6 14.Ne5 Bh7 15.f4 f6 16.f5 Qe7 17.Nc4 Bf4+
18.Kb1 Bg8 19.fxe6 Bxe6 20.Re1 Bg3 21.d5 Bxe1 22.dxe6 Bxc3 23.exd7+ Kd8
24.Qxe7+ Kxe7 25.bxc3 Kxd7 26.h5 Rhe8 { ...1-0, Halkias Stelios 2502 - Biti
Ozren 2323 , Aviles 2000 Ch Europe (juniors) (under 20) } ) ( 7.Be2 d5 8.exd5
Nxd5 9.Nxd5 exd5 10.Bxe7 Qxe7 11.O-O O-O 12.Re1 Qb4 13.Ne5 Bg6 14.Bf3 c6
15.Re3 Qd6 16.c4 dxc4 17.Nxc4 Qc7 18.Rc1 Nd7 19.d5 Rad8 20.d6 Qb8 21.Qb3 Bf5
22.Re7 Be6 23.Qb4 h6 24.Rd1 Bxc4 25.Qxc4 Nb6 26.Qb4 Rfe8 { ...1-0, Andersson
Ulf 2625 - Gdanski Jacek 2485 , Polanica Zdroj 1993 It } ) 7...Bg6 8.Qe2 c6
9.Bxf6 ( 9.h4 h5 10.Bxf6 gxf6 11.Bh3 hxg4 12.Bxg4 d5 13.exd5 cxd5 14.h5 Bh7
15.Rg1 Nc6 16.O-O-O Qc7 17.Bh3 Qf4+ 18.Kb1 Bf5 19.Bxf5 Qxf5 20.Ne1 O-O-O
21.Rh1 Rdg8 22.Rd3 Rg4 23.h6 Kb8 24.f3 Rxd4 25.Qh2+ Qf4 26.Qxf4+ Rxf4 27.Ne2
Rc4 28.b3 Rc5 { ...1-0, Hebden Mark 2575 - Adams Michael 2680 , Hastings 1997
It (cat.13) } ) ( 9.Qe3 O-O 10.O-O-O { +0.00 CAP } ) 9...Bxf6 { = } 10.O-O-O (
10.h4 h6 11.O-O-O Nd7 12.Qe3 Qb6 13.Be2 e5 14.Bc4 O-O-O 15.Kb1 Rhf8 16.g5 hxg5
17.hxg5 Be7 18.Bb3 Kb8 19.Ne2 exd4 20.Nfxd4 Nc5 21.Ng3 Nxb3 22.axb3 d5 23.e5
c5 24.Ndf5 Rfe8 25.f4 Bxf5 26.Nxf5 g6 27.Nh6 Qe6 28.Qh3 Rf8 29.Rd3 Kc7 {
...1-0, Stangl Markus 2565 - Bezold Michael 2495 , Bad Homburg 1996 It
(cat.12) } ) 10...Nd7 ( 10...a5 11.h4 d5 12.exd5 cxd5 13.h5 Be4 14.Nxe4 dxe4
15.Qxe4 Nc6 16.Kb1 O-O 17.Bg2 Nb4 18.a3 Qd5 19.Qxd5 Nxd5 20.Ne5 Nf4 21.Be4
Bxe5 22.dxe5 h6 23.c3 Ra7 24.Kc2 f6 25.exf6 gxf6 26.b4 b6 27.a4 Rc8 28.Kb3 Nd5
{ 1-0, Cvitan Ognjen 2515 - Makropoulos Georgios 2460 , Haifa 1989 Ch Europe
(team) } ) ( 10...d5 11.Kb1 ( 11.h4 { -0.39 CAP } ) 11...dxe4 12.Nxe4 Na6
13.Ne5 Bxe4 { 1/2-1/2, Bisguier Arthur B 2390 - Benjamin Joel 2560 , USA 1990
It (open) } ) 11.Kb1 { -0.09 CAP } ( 11.Qe3 Qa5 12.Kb1 O-O-O 13.h4 h6 14.Bd3
c5 15.Nb5 cxd4 16.Nxd6+ Kb8 17.Qc1 Qc5 18.Nc4 e5 19.Rde1 Be7 20.h5 Bh7 21.g5
hxg5 22.Nxg5 Bg8 23.Nf3 f5 24.Ncd2 f4 25.Reg1 Bf6 26.Qd1 Bf7 27.Ng5 Bg8 28.Qg4
Qc6 29.Nb3 Nb6 30.Qe2 Rc8 { ...0-1, Tukmakov Vladimir B 2520 - Gulko Boris F
2600 , Moscow 1990 Cup World (qual) } ) 11...Qa5 { N } ( 11...Qc7 12.h4 h6
13.Qe3 O-O-O 14.h5 Bh7 15.g5 hxg5 16.Nxg5 Bg8 17.f4 Kb8 18.Be2 a6 19.a3 c5
20.dxc5 Qxc5 21.Qxc5 Nxc5 22.Rh3 e5 23.Nd5 exf4 24.Nxf6 gxf6 25.Nf3 Bh7 26.Rh4
Ne6 27.Bd3 Kc7 28.Nh2 Kd7 29.Ng4 Ke7 30.Nh6 d5 31.Nf5+ { ...0-1, Cvitan Ognjen
2515 - Speelman Jonathan S 2605 , Novi Sad 1990 Olympiad } ) 12.Nd2 Qc7 13.f4
h6 14.f5 Bh7 15.Nb3 O-O-O 16.h4 Rde8 17.Qf2 a6 18.a4 { ?! } ( 18.Qg3 { !? }
18...exf5 19.gxf5 Nb6 20.Qg4 { } ) 18...c5 { ?! } ( 18...g6 { !? } 19.a5 exf5
20.gxf5 Bg7 { } ) 19.e5 dxe5 20.dxc5 h5 { ? } ( { ? } 20...exf5 21.gxf5 e4
22.Nd5 Qe5 { } ) 21.g5 Be7 22.g6 fxg6 { ? } ( { ? } 22...Bg8 23.Bh3 fxg6
24.fxe6 Nf6 { } ) 23.fxe6 Nf6 24.Rd7 Qc6 25.Bg2 Qxe6 { ?! } ( 25...e4 { !? }
26.Qg3 Bd8 27.Nd4 Qxc5 { } ) 26.Rxb7 Bd8 27.c6 { } {#r} 1-0

[Event "It (open)"]
[Site "Zadar (Croatia)"]
[Round "2"]
[White "Kuljasevic Davorin (CRO)"]
[Black "Jurkovic Ante (CRO)"]
[Result "1-0"]
[WhiteElo "2410"]
[BlackElo "2331"]

1.d4 d6 2.Nf3 g6 3.c4 Bg7 4.Nc3 e5 5.dxe5 dxe5 6.Qxd8+ Kxd8 7.Bg5+ f6 8.O-O-O+
Ke8 9.Be3 Na6 10.h3 Be6 11.b3 Bh6 12.g4 Bxe3+ 13.fxe3 h6 14.Bg2 c6 15.Ne4 Rh7
16.Nh4 g5 17.Nd6+ Kf8 18.Be4 Rd7 19.Bf5 Nc5 20.Bxe6 Nxe6 21.Ng6+ Kg7 22.Nf5+
Kxg6 23.Rxd7 Rb8 24.Rhd1 {#r} 1-0

[Event "Czech League 2002/03 (2nd) (c)"]
[Site "Czech Republic"]
[Round "8"]
[White "Dolezal Jiri (CZE)"]
[Black "Janacek Jaroslav (CZE)"]
[Result "1-0"]
[WhiteElo "2223"]
[BlackElo "2091"]

1.d4 d6 2.Nf3 Bg4 3.e4 e6 4.Be2 d5 5.exd5 exd5 6.O-O Nf6 7.Ne5 Be6 8.f4 Ne4
9.f5 Bc8 10.Bh5 Nd6 11.Re1 Be7 12.f6 gxf6 13.Nxf7 Nxf7 14.Bxf7+ Kxf7 15.Qh5+
Kg8 16.Re3 Qd6 17.Rg3+ Qxg3 18.hxg3 Nc6 19.Bh6 Be6 20.c3 Nd8 21.Qe8+ {#r} 1-0

[Event "Memorial Pablo Gorbea (open)"]
[Site "Madrid (Spain)"]
[Round "1"]
[White "Gonzalez Mateos Rafael (ESP)"]
[Black "Sanchez Rodriguez Jaime (ESP)"]
[Result "1-0"]
[WhiteElo "2237"]
[BlackElo "2047"]

1.d4 d6 2.Nf3 g6 3.c3 Bg7 4.e4 a6 5.Bc4 e6 6.Bg5 Ne7 7.Nbd2 Nd7 8.Qe2 b5 9.Bb3
c5 10.O-O O-O 11.a4 c4 12.Bc2 Bb7 13.axb5 axb5 14.b3 f6 15.Bf4 e5 16.dxe5 dxe5
17.Be3 Ba6 18.bxc4 bxc4 19.Rxa6 Rc8 20.Ra7 Nc6 21.Raa1 Kh8 22.Nxc4 Qc7 23.Rfd1
{#r} 1-0

[Event "Ch Ulster"]
[Site "Belfast (North Ireland)"]
[Round "7"]
[White "Clarke Thomas (IRL)"]
[Black "Douglas Timothy (IRL)"]
[Result "1-0"]
[WhiteElo "2137"]
[BlackElo "2157"]

1.d4 d6 2.Bg5 Nd7 3.e4 c5 4.Nc3 Ngf6 5.f4 Qa5 6.Bxf6 Nxf6 7.e5 Ne4 8.Bb5+ Kd8
9.Ne2 Bg4 10.Qd3 Bxe2 11.Qxe4 Bxb5 12.Qxb7 cxd4 13.Qxa8+ Kc7 14.Qxa7+ Qxa7
15.Nxb5+ Kb6 16.Nxa7 Kxa7 17.O-O-O g5 18.exd6 exd6 19.fxg5 Bg7 20.Rhf1 Rf8
21.Rd3 Be5 22.Rdf3 Rc8 23.Rxf7+ {#r} 1-0

[Event "It (open)"]
[Site "Herne (Germany)"]
[Round "7"]
[White "Distelrath Oliver (GER)"]
[Black "Heinicke Wenke (GER)"]
[Result "0-1"]
[WhiteElo "2023"]
[BlackElo "2071"]

1.d4 d6 2.Nf3 g6 3.c3 Bg7 4.Bg5 Nf6 5.e3 O-O 6.Nbd2 d5 7.Be2 Nbd7 8.Bxf6 Bxf6
9.e4 dxe4 10.Nxe4 Bg7 11.h4 Nf6 12.Nxf6+ exf6 13.Qd2 Bg4 14.O-O-O a5 15.Nh2
Bxe2 16.Qxe2 Qd5 17.Kb1 Qxg2 18.h5 Rfe8 19.Qd2 Re6 20.hxg6 hxg6 21.Rdg1 Qe4+
22.Kc1 Rae8 23.Ng4 Qd5 24.b3 Re2 25.Nh6+ Kf8 26.Qd3 Qe4 27.Qxe4 R8xe4 {#R} 0-1

[Event "Ch Russia (1/2 final)"]
[Site "Tula (Russia)"]
[Round "1"]
[White "Trubizin Alexander (RUS)"]
[Black "Mishin Alexei (RUS)"]
[Result "0-1"]
[WhiteElo "2117"]
[BlackElo "2329"]

1.d4 d6 2.c4 e5 3.d5 f5 4.Nc3 Nf6 5.Bg5 Be7 6.Bxf6 Bxf6 7.e4 g6 8.Bd3 O-O
9.Nf3 Na6 10.a3 Nc5 11.Bc2 a5 12.b4 fxe4 13.Nxe4 Nxe4 14.Bxe4 Bf5 15.Nd2 axb4
16.axb4 Rxa1 17.Qxa1 Bg5 18.Bxf5 Bxd2+ 19.Kxd2 Rxf5 20.Rf1 Qg5+ 21.Kc2 Qxg2
22.Qa8+ Kg7 23.Qxb7 Qe4+ 24.Kd2 Qxc4 25.Ke1 Qc1+ 26.Ke2 Qc2+ 27.Ke1 Rf4 {#R}
0-1

[Event "It (cat.1)"]
[Site "Budapest (Hungary)"]
[Round "1"]
[White "Porat Ido (ISR)"]
[Black "Pinkus Lutz (GER)"]
[Result "0-1"]
[WhiteElo "2260"]
[BlackElo "2173"]

1.d4 d6 2.c4 e5 3.d5 f5 4.e4 fxe4 5.Nc3 Nf6 6.Nge2 Be7 7.Ng3 Nbd7 8.Ngxe4 Nxe4
9.Nxe4 Nf6 10.Bd3 Nxe4 11.Bxe4 O-O 12.Qd3 g6 13.Bh6 Rf6 14.h4 Bf5 15.h5 Qd7
16.hxg6 Bxe4 17.Qxe4 Rxg6 18.O-O-O Rxh6 19.Rxh6 Bg5+ 20.Kc2 Bxh6 21.Rh1 Qg7
22.Qf5 Bg5 23.Qe6+ Kh8 24.b4 Rf8 25.f3 Qf7 {#R} 0-1

[Event "It (open)"]
[Site "Recklinghausen (Germany)"]
[Round "5"]
[White "Kloss Detiev (GER)"]
[Black "Kuhn Manfred (GER)"]
[Result "0-1"]
[WhiteElo "2097"]
[BlackElo "2214"]

1.d4 d6 2.Nf3 Bg4 3.Nbd2 Nf6 4.g3 e6 5.Bg2 c6 6.Rg1 Nbd7 7.c4 Be7 8.Nb1 O-O
9.Nc3 Bxf3 10.Bxf3 d5 11.c5 e5 12.b4 a5 13.b5 exd4 14.bxc6 bxc6 15.Na4 Nxc5
16.Qxd4 Ne6 17.Qd1 Rb8 18.Qc2 Nd4 19.Qd3 Nxf3+ 20.Qxf3 Ne4 21.Bf4 Rb4 22.Nc3
Bf6 23.Nxe4 dxe4 {#R} 0-1

[Event "Ch Spain (team)"]
[Site "Lanzarote (Spain)"]
[Round "1"]
[White "Ortega Hermida Daniel (ESP)"]
[Black "De La Rocha Ramon (ESP)"]
[Result "1-0"]
[WhiteElo "2396"]
[BlackElo "2320"]

{ De La Rocha Ramon (ESP) +1 =0 -1 } 1.d4 d6 2.Nf3 Bg4 3.c4 Bxf3 4.exf3 g6
5.Nc3 Bg7 6.Be3 { ? } ( 6.d5 Nf6 7.g3 O-O 8.Bg2 e6 9.dxe6 fxe6 10.f4 Nc6
11.O-O Qd7 12.Be3 e5 13.fxe5 Nxe5 14.b3 c6 15.h3 Rae8 16.Bd4 Nh5 17.Rc1 Bh6
18.Rc2 c5 19.Bxe5 Rxe5 20.Nb5 d5 21.Bxd5+ Kh8 22.Bg2 Qe7 23.Nc3 Nf6 24.Re2
Rxe2 25.Qxe2 Qxe2 { ...1-0, Kasparov Garry 2760 - Haik Aldo 2455 , Evry 1988
Simultan } ) ( 6.Be2 Nc6 7.d5 Nd4 8.O-O Nxe2+ 9.Qxe2 Bxc3 10.bxc3 Qd7 11.Re1
Kf8 12.a4 a5 13.Be3 b6 14.Bd4 Nf6 15.Qe3 h5 16.Qf4 Qf5 17.Qxf5 gxf5 18.Bxf6
exf6 19.Re3 Re8 20.Rae1 Rxe3 21.Rxe3 h4 22.Rd3 Kg7 23.Kf1 Kg6 24.Re3 h3 25.g3
Kg7 { ...1-0, Grabarczyk Miroslaw 2495 - Tella Jussi 2428 , Stockholm 2000 It
(cat.10) } ) 6...e6 ( 6...c6 7.Qb3 Qc7 8.Be2 Nd7 9.O-O Nh6 10.g4 f5 11.d5 O-O
12.c5 Kh8 13.cxd6 exd6 14.g5 Nf7 15.f4 h6 16.h4 hxg5 17.hxg5 Nxg5 18.fxg5 f4
19.Kg2 Be5 20.Rh1+ Kg7 21.Bd2 Nc5 22.Qc2 f3+ 23.Bxf3 Rxf3 24.Kxf3 Qf7+ 25.Kg2
Rf8 26.f4 { ...1-0, Ftacnik Lubomir 2585 - Rogovski Vladimir 2465 , Cappelle
la Grande 1997 It (open) } ) 7.Qb3 ( 7.d5 Ne7 8.Qb3 Qc8 9.Bd3 Na6 10.O-O O-O
11.Rfe1 Nf5 12.Bxf5 exf5 13.Rad1 Re8 14.Nb5 Qd7 15.Qa3 Re7 16.Bxa7 Rxe1+
17.Rxe1 Nc5 18.b4 c6 19.Nxd6 b6 20.bxc5 Rxa7 21.dxc6 Qc7 22.cxb6 Qxb6 23.c5
Re7 24.Qc1 Qxc5 25.Rd1 Qb6 26.Nc8 { 1-0, Horvath Jozsef 2510 - Borsos Bogdan
2310 , Hungary 1995 Ch Hungary (team) 1995/96 (2 liga) } ) 7...Ne7 { +0.78 CAP
} ( 7...Qc8 8.g4 Ne7 9.Bg2 Nbc6 10.O-O-O O-O 11.f4 Rb8 12.h3 Na5 13.Qa4 b6
14.Kb1 c6 15.Rc1 Qd8 16.d5 exd5 17.cxd5 b5 18.Qd1 c5 19.Bf1 Nc4 20.Bxc4 bxc4
21.Rc2 Rb4 22.Re1 Qd7 23.Bc1 Qb7 24.Re3 Bd4 25.Qf3 Nc8 26.Rce2 Bxe3 27.fxe3 {
...0-1, Barsov Alexei 2539 - Hennig Dirk 2430 , Essen 1999 It (open) } ) (
7...b6 8.d5 ( 8.Bd3 { +0.27 CAP } ) 8...e5 9.f4 Ne7 10.fxe5 Bxe5 11.Bd3 Nd7
12.Qd1 O-O 13.Qd2 Nc5 14.Bc2 Qd7 15.f4 Bxc3 16.Qxc3 Nf5 17.Bxf5 { 1/2-1/2,
Komarov Dimitri 2535 - Popchev Milko 2450 , Cordoba 1994 It (open) } ) 8.Be2 {
N } ( 8.O-O-O O-O 9.h4 Nbc6 10.d5 Na5 11.Qa4 b6 12.h5 Nf5 13.hxg6 fxg6 14.Qc2
exd5 15.cxd5 Nb7 16.Bb5 Nc5 17.Bc6 Rb8 18.Kb1 a5 19.Nb5 Rf7 20.Rhe1 Qh4 21.g3
Nxe3 22.Rxe3 Qh5 23.f4 Bf6 24.Rde1 Rbf8 25.Nc3 Bxc3 26.Qxc3 Qf5+ 27.Ka1 g5 {
...1/2-1/2, Peek Marcel 2365 - Hartoch Robert G 2365 , Edinburgh 1988 It } )
8...O-O 9.f4 Nbc6 10.d5 exd5 11.cxd5 Na5 12.Qa4 b6 13.Bd4 Qe8 14.Qd1 Bh6 15.g3
Nf5 16.Bf6 a6 17.O-O Bg7 18.Bxg7 Kxg7 19.b4 Nb7 20.Qd2 h5 21.Rfe1 Qd7 22.Rac1
Rfe8 23.Bf1 { ?! } ( 23.f3 { !? } 23...f6 24.Ne4 Qf7 25.Qc3 { } ) 23...Rxe1
24.Rxe1 Re8 { ? } ( { ? } 24...f6 25.Rc1 Nd8 26.Ne4 Qe7 { } ) 25.Ne4 f6 26.Qc3
Qf7 { ?! } ( 26...Rf8 { !? } 27.Bxa6 Nd8 28.Ng5 Ne7 { } ) 27.Ng5 { } {#r} 1-0

[Event "It (open)"]
[Site "Bad Wiessee (Germany)"]
[Round "6"]
[White "Schenk Andreas (GER)"]
[Black "Dworakowska Joanna (POL)"]
[Result "1-0"]
[WhiteElo "2494"]
[BlackElo "2393"]

1.d4 d6 2.Nf3 Bg4 3.c4 Nd7 4.g3 Bxf3 5.exf3 c6 6.Nc3 Ngf6 7.d5 c5 8.h4 g6 9.f4
Bg7 10.Bh3 a6 11.a4 Qc7 12.O-O O-O-O 13.Re1 Rde8 14.Bd2 h5 15.a5 Ng8 16.Na4 f5
17.Rb1 Bd4 18.b4 cxb4 19.Bxb4 Ba7 20.c5 Ngf6 21.Nb6+ Kd8 22.Rxe7 dxc5 23.d6
Qb8 24.Nxd7 Nxd7 25.Bc3 Rhf8 26.Bg2 b5 27.Bc6 {#r} 1-0

[Event "It (open)"]
[Site "Sharjah (United Arab Emirates)"]
[Round "3"]
[White "Ibrahim Mohamed (EGY)"]
[Black "Velikhanli Firuza (AZE)"]
[Result "0-1"]
[WhiteElo "2162"]
[BlackElo "2322"]

1.d4 d6 2.c4 Nd7 3.Nc3 e5 4.d5 f5 5.e4 f4 6.f3 Qh4+ 7.Kd2 a5 8.Nb5 Qf2+ 9.Qe2
Qb6 10.Kc2 c6 11.Nc3 Ngf6 12.Qd3 Nc5 13.Qd1 cxd5 14.Nxd5 Nxd5 15.Qxd5 Be6
16.Qd1 Rc8 17.Bd2 d5 18.exd5 Bf5+ 19.Kc1 Bd6 20.g4 Nd3+ 21.Bxd3 Bxd3 22.Qa4+
Ke7 23.Qb3 Rxc4+ 24.Bc3 Qf2 25.Qd1 Rxc3+ {#R} 0-1

[Event "It (b)"]
[Site "Evry (France)"]
[Round "7"]
[White "David Vincent (FRA)"]
[Black "Neiman Emmanuel (FRA)"]
[Result "1-0"]
[WhiteElo "2298"]
[BlackElo "2330"]

1.d4 d6 2.c4 e5 3.Nf3 Nd7 4.g3 g6 5.Bg2 Bg7 6.Nc3 Ne7 7.O-O O-O 8.e3 h6 9.b3
f5 10.Qc2 e4 11.Nd2 c5 12.Ne2 Nc6 13.Bb2 Nb4 14.Qb1 Nd3 15.Bc3 cxd4 16.Bxd4
Bxd4 17.exd4 d5 18.c5 f4 19.Nxe4 dxe4 20.Bxe4 Nb4 21.a3 Qg5 22.axb4 f3 23.Nc3
Qh5 24.Qd3 Ne5 25.dxe5 Bg4 26.Rfe1 Rae8 27.Bxg6 Qh3 28.Qf1 {#r} 1-0

[Event "Ch World (seniors)"]
[Site "Bad Zwischenahn (Germany)"]
[Round "5"]
[White "Molez Karl (GER)"]
[Black "Fehres Werner (GER)"]
[Result "0-1"]
[WhiteElo "2087"]
[BlackElo "2033"]

1.d4 d6 2.Nf3 Nd7 3.e4 c6 4.Bd3 Ngf6 5.O-O e5 6.c3 Be7 7.h3 Qc7 8.Be3 h6
9.Nbd2 g5 10.Nh2 Nf8 11.Ng4 Nxg4 12.hxg4 Ng6 13.g3 Qd7 14.f3 h5 15.gxh5 Qh3
16.Kf2 Nf4 17.Bxf4 gxf4 18.g4 Bh4+ 19.Kg1 Bxg4 20.Rf2 Bxh5 21.Rh2 Bf2+ 22.Kh1
Qxh2+ 23.Kxh2 Bxf3# 0-1

[Event "Tournament"]
[Site "Helsinki (Finland)"]
[Round "2"]
[White "Johansson Jukka (FIN)"]
[Black "Ristoja Jan (FIN)"]
[Result "0-1"]
[WhiteElo "2129"]
[BlackElo "2317"]

1.d4 d6 2.Bg5 Nd7 3.e4 h6 4.Bh4 c5 5.d5 Qb6 6.Qc1 Ngf6 7.Nd2 Nxe4 8.Nc4 Qc7
9.Qe3 Nef6 10.O-O-O b5 11.Na3 a6 12.c4 b4 13.Nb1 Qa5 14.Bg3 Kd8 15.Qb3 g6
16.Nd2 Bg7 17.Bd3 Nh5 18.f4 Nxg3 19.hxg3 Rb8 20.Bb1 Nb6 21.Ndf3 Bd7 22.Rd2 Kc7
23.Qd3 Rhd8 24.Nh4 Bf6 25.Nh3 e6 26.dxe6 Bxe6 27.b3 Qa3+ 28.Kd1 d5 {#R} 0-1